[Event "Master Open"]
[Site "Voronezh"]
[Date "2018.06.16"]
[Round "5.54"]
[White "Lazarov, Alexander"]
[Black "Geshko, Aleksey"]
[Result "1-0"]
[WhiteElo "2389"]
[BlackElo "2213"]
[Annotator ""]
[Source ""]
[Remark ""]

1.c4 e5 2.Nc3 Nf6 3.g3 d5 4.cxd5 Nxd5 5.Bg2 Nb6 6.Nf3 Nc6 7.O-O
Be7 8.a3 O-O 9.b4 Be6 10.d3 f6 11.Be3 a5 12.b5 Nd4 13.Bxd4 exd4
14.Na4 c5 15.bxc6 bxc6 16.Qc2 Nxa4 17.Qxa4 c5 18.Rab1 Qe8 19.Qxe8
Rfxe8 20.Rb6 Bf8 21.Nxd4 Bh3 22.Bd5+ Kh8 23.Bxa8 Bxf1 24.Bc6
Rc8 25.Bd7 Ra8 26.Kxf1 cxd4 27.a4 Rd8 28.Rb7 Bb4 29.Kg2 Rf8 30.g4
g6 31.Bc6 Rc8 32.Be4 Rg8 33.Kf3 Rg7 34.Rb6 Rf7 35.Bd5 Rf8 36.Rb7
f5 37.g5 Bd2 38.h4 h6 39.h5 hxg5 40.hxg6 g4+ 41.Kg2 1-0

[Event "Master Open"]
[Site "Voronezh"]
[Date "2018.06.16"]
[Round "5.55"]
[White "Nazaretyan, Tigran"]
[Black "Medzinovskiy, Petr"]
[Result "1/2-1/2"]
[WhiteElo "2300"]
[BlackElo "2213"]
[Annotator ""]
[Source ""]
[Remark ""]

1.d4 d5 2.c4 dxc4 3.e3 Nf6 4.Bxc4 e6 5.Nf3 a6 6.a4 b6 7.O-O c5
8.Qe2 Nc6 9.Rd1 cxd4 10.exd4 Be7 11.Nc3 Nb4 12.Ne5 O-O 13.Bg5
Nfd5 14.Bxd5 exd5 15.Na2 Bxg5 16.Nxb4 Qd6 17.Na2 f6 18.Ng4 Qd7
19.Ne3 Bxe3 20.Qxe3 Qxa4 21.Nc3 Qb3 22.Rd2 Bg4 23.h3 Rfe8 24.Rxa6
Kf7 25.Rxa8 Rxe3 26.fxe3 Bf5 27.Ra7+ Kg6 28.Rb7 Be4 29.Kf2 Bc2
30.Rc7 Bf5 31.g4 Bd3 32.Rb7 Bc4 33.Rd7 Qb4 34.Kg3 Qa5 35.Rd1
Qb4 36.Rd2 Qa5 37.Rd1 Qa8 38.h4 Qe8 39.h5+ Kh6 40.g5+ Kxg5 41.Rxg7+
Kh6 42.Rg4 Qxe3+ 43.Kg2 b5 44.Rg3 Qf4 45.Rf3 Qg4+ 46.Rg3 Qh4
47.Rh3 Qg4+ 48.Rg3 Qf5 49.Rf3 Qe6 50.b4 Be2 51.Rxf6+ Qxf6 52.Nxe2
Qe7 53.Kf3 Qxb4 54.Rc1 Qa3+ 55.Kg4 b4 56.Ng3 Kg7 57.Nf5+ Kf7
58.Rc7+ Kf8 59.Rc8+ Kf7 60.Rc7+ Ke8 61.Rxh7 Qc1 62.Rb7 b3 63.Rxb3
Qc2 64.Rb7 Qg2+ 65.Kf4 Qd2+ 66.Ke5 Qh2+ 67.Kf6 Kf8 68.h6 Kg8
69.Rd7 Qh1 70.Rxd5 Kh8 71.Rd8+ Kh7 72.Re8 Qh5 73.Re7+ Kh8 74.Re5
Kh7 75.Re7+ Kh8 76.Re5 Kh7 77.d5 Qg6+ 78.Ke7 Qg5+ 79.Kd7 Qf6
80.Re7+ Kh8 81.Nd6 Qd4 82.Nf7+ Kg8 83.d6 Qa4+ 84.Ke6 Qc4+ 85.Kf6
Qf4+ 86.Kg6 Kf8 87.Ne5 Qe4+ 88.Kg5 Qe3+ 89.Kf5 Qh3+ 90.Kg5 Qg3+
91.Kf5 Qh3+ 92.Ke4 Qg2+ 93.Kd4 Qd2+ 94.Kc5 Qa5+ 95.Kc6 Qa4+ 96.Kc7
Qa7+ 97.Kd8 Qa8+ 98.Kd7 Qa7+ 99.Ke6 Qa2+ 100.Kf6 Qf2+ 101.Kg6
Qc2+ 102.Kg5 Qd2+ 1/2-1/2

[Event "Master Open"]
[Site "Voronezh"]
[Date "2018.06.16"]
[Round "5.56"]
[White "Kostin, Alexey"]
[Black "Grachev, Alexey"]
[Result "0-1"]
[WhiteElo "2282"]
[BlackElo "2203"]
[Annotator ""]
[Source ""]
[Remark ""]

1.e4 c5 2.c3 Nf6 3.e5 Nd5 4.d4 cxd4 5.Qxd4 e6 6.Bc4 Nc6 7.Qe4
f5 8.Qe2 Nde7 9.Nf3 Ng6 10.O-O Be7 11.b4 b6 12.Na3 Qc7 13.Nb5
Qb8 14.Re1 O-O 15.Bd2 Bb7 16.Rad1 a6 17.Nbd4 Qc8 18.Bb3 Nxd4
19.cxd4 a5 20.b5 a4 21.Rc1 axb3 22.Rxc8 Rfxc8 23.axb3 Bd5 24.Rc1
Rxc1+ 25.Bxc1 Bxb3 26.h3 Rc8 27.Bg5 Bf8 28.Qb2 Bd5 29.Bd2 Ne7
30.Bb4 h6 31.Nd2 Ra8 32.Nf1 Bb7 33.Ne3 Nd5 34.Nxd5 Bxd5 35.Bxf8
Rxf8 36.Qc3 Rb8 37.Qc7 Rb7 38.Qd8+ Kh7 39.f3 Bc4 40.Qc8 Bd5 41.h4
Ra7 42.Qd8 Bc4 43.Kh2 Rb7 44.Qc8 Bd5 45.Kg3 Kg6 46.Kf4 Kh7 47.h5
Ra7 48.Qd8 Rb7 49.g4 fxg4 50.fxg4 Ra7 51.Qxb6 Ra3 52.g5 hxg5+
53.Kxg5 Rg3+ 54.Kf4 Rb3 55.Qc5 Kh6 56.Qc8 Kxh5 57.Qh8+ Kg6 58.Qe8+
Kh6 59.Qxd7 g5+ 60.Kg4 Bf3+ 0-1

[Event "Master Open"]
[Site "Voronezh"]
[Date "2018.06.16"]
[Round "5.57"]
[White "Klimentov, Roman"]
[Black "Egorov, Pavel"]
[Result "0-1"]
[WhiteElo "2180"]
[BlackElo "2282"]
[Annotator ""]
[Source ""]
[Remark ""]

1.e4 c5 2.Nf3 Nf6 3.Nc3 d5 4.exd5 Nxd5 5.Bb5+ Bd7 6.Ne5 Nf6 7.Qf3
Qc8 8.a4 a6 9.Bxd7+ Nbxd7 10.Nc4 b6 11.d3 Ra7 12.O-O e6 13.Qg3
Qc6 14.Ne4 Nxe4 15.dxe4 Qxe4 16.Nxb6 h5 17.Nxd7 Rxd7 18.Ra3 h4
19.Qf3 Qxf3 20.Rxf3 Be7 21.Rb3 Rh5 22.Rb6 Rd6 23.Rxd6 Bxd6 24.Rd1
Kd7 25.h3 Kc6 26.Kf1 Rf5 27.Be3 Bf4 28.Bxf4 Rxf4 29.b3 Rd4 30.Rc1
c4 31.Ke2 c3 32.Rd1 Rxd1 33.Kxd1 a5 34.Ke2 Kc5 35.Kd3 Kb4 36.f4
f6 37.Ke4 Ka3 38.Kd3 Kb2 39.b4 axb4 40.a5 b3 41.a6 bxc2 42.a7
c1Q 43.a8Q Qd2+ 44.Kc4 Qd5+ 0-1

[Event "Master Open"]
[Site "Voronezh"]
[Date "2018.06.16"]
[Round "5.58"]
[White "Maltsevskaya, Aleksandra"]
[Black "Afanasieva, Alexandra"]
[Result "1-0"]
[WhiteElo "2279"]
[BlackElo "2069"]
[Annotator ""]
[Source ""]
[Remark ""]

1.d4 Nf6 2.c4 e6 3.Nf3 Bb4+ 4.Nbd2 b6 5.a3 Bxd2+ 6.Qxd2 Bb7 7.Qc2
Be4 8.Qc3 h6 9.e3 O-O 10.Be2 Bb7 11.O-O Ne4 12.Qc2 d6 13.b4 Nd7
14.Bb2 f5 15.Rad1 Qe7 16.d5 e5 17.Ne1 Qg5 18.f4 Qe7 19.Nf3 a5
20.fxe5 dxe5 21.c5 bxc5 22.bxc5 Nexc5 23.Nxe5 Nxe5 24.Bxe5 Qxe5
25.Qxc5 Kh8 26.Bf3 Rfd8 27.Rf2 a4 28.Qd4 Re8 29.Qxe5 Rxe5 30.Rb2
Ra7 31.d6 cxd6 32.Rxb7 Rxb7 33.Bxb7 Rxe3 34.Ra1 Rc3 35.Ba6 Rc5
36.Bd3 g5 37.Kf2 Kg7 38.Ke3 Kf6 39.Kd4 Re5 40.Rb1 f4 41.Rb8 Re1
42.Rh8 Ra1 43.Rxh6+ Ke7 44.Rh7+ Kf6 45.Rh6+ Ke7 46.Rg6 Rxa3 47.Rxg5
Ra1 48.Rg7+ Kf6 49.Rg4 a3 50.Rxf4+ Ke7 51.Rf2 a2 52.Rd2 Rh1 53.Rxa2
Rxh2 54.Rf2 1-0

[Event "Master Open"]
[Site "Voronezh"]
[Date "2018.06.16"]
[Round "5.59"]
[White "Chapurin, Alexey V."]
[Black "Gutkovich, Polina"]
[Result "1/2-1/2"]
[WhiteElo "2262"]
[BlackElo "2046"]
[Annotator ""]
[Source ""]
[Remark ""]

1.d4 d5 2.Bf4 Nf6 3.e3 c5 4.dxc5 Nc6 5.Bb5 Bd7 6.Nc3 e6 7.Bxc6
Bxc6 8.Qd4 a5 9.Nf3 Nd7 10.Bd6 f6 11.Bxf8 Kxf8 12.O-O Qe7 13.a3
Nxc5 14.b4 Na4 15.Nxa4 Bxa4 16.c4 dxc4 17.Qxc4 Bc6 18.Nd4 Bd5
19.Qb5 axb4 20.axb4 Kf7 21.Nf5 exf5 22.Qxd5+ Kg6 23.Ra5 Rxa5
24.bxa5 Rd8 25.Qb5 Qe5 26.Qxb7 Qxa5 27.Qf3 Qe5 28.h3 h5 29.Rd1
Rxd1+ 30.Qxd1 Kh6 31.Qa4 Qe4 32.Qd4 Kg6 33.Qd6 Qe5 34.Qd3 Qe4
35.Qd6 Qe5 36.Qd3 Qe4 37.Qd6 Qe5 38.Qd3 Qe4 39.Qd6 Qe5 40.Qd3
Qe4 1/2-1/2

[Event "Master Open"]
[Site "Voronezh"]
[Date "2018.06.16"]
[Round "5.60"]
[White "Zhitnikov, Konstantin"]
[Black "Selifonova, Aleksandra"]
[Result "1/2-1/2"]
[WhiteElo "2255"]
[BlackElo "1920"]
[Annotator ""]
[Source ""]
[Remark ""]

1.e4 e5 2.Nf3 Nf6 3.Nc3 Nc6 4.Bb5 Nd4 5.O-O Nxb5 6.Nxb5 d6 7.d4
a6 8.Nc3 exd4 9.Qxd4 Be7 10.h3 O-O 11.Bf4 b5 12.a4 Rb8 13.axb5
axb5 14.Qd3 b4 15.Nd5 Nxd5 16.exd5 Bf6 17.Qb3 Re8 18.Ra4 Bf5
19.Bd2 Re4 20.Re1 Qd7 21.c4 Rxe1+ 22.Nxe1 Bxb2 23.Rxb4 Rxb4 24.Qxb4
Bf6 25.Qb7 Qc8 26.Qb4 h6 27.Bc3 Bxc3 28.Qxc3 c6 29.Qf3 cxd5 30.Qxd5
Qc5 31.Qxc5 dxc5 32.f3 Kf8 33.Kf2 Ke7 34.Ke3 Kd6 35.f4 Be6 36.Kd3
Bf5+ 37.Ke3 Be6 38.Kd3 Bf5+ 39.Ke3 Be6 40.Kd3 Bf5+ 1/2-1/2

[Event "Master Open"]
[Site "Voronezh"]
[Date "2018.06.16"]
[Round "5.61"]
[White "Ibadov, Dashgyn"]
[Black "Seregina, Maria"]
[Result "1-0"]
[WhiteElo "2214"]
[BlackElo "1873"]
[Annotator ""]
[Source ""]
[Remark ""]

1.e4 Nf6 2.Nc3 d5 3.exd5 Nxd5 4.Bc4 c6 5.Qf3 e6 6.Nge2 g6 7.d4
Bg7 8.Ne4 O-O 9.Bg5 f6 10.Bd2 f5 11.Nc5 b6 12.Nd3 Nf6 13.O-O-O
a5 14.a3 Ne4 15.Bf4 b5 16.Bb3 b4 17.a4 g5 18.Be5 Nf6 19.Qxf5
Nd5 20.Qg4 Bxe5 21.dxe5 Ra7 22.h4 Rg7 23.hxg5 Rxg5 24.Qh4 Rg7
25.Qxd8 Rxd8 26.Ndf4 Rf8 27.g3 Rg5 28.Nxd5 cxd5 29.f4 Rg6 30.Rh3
Nc6 31.c3 Ba6 32.Nd4 Nxd4 33.cxd4 Be2 34.Rdh1 Bf3 35.R1h2 h5
36.Bc2 Rc8 37.Kd2 Rg7 38.Bd3 Bg4 39.Rh4 Bf3 40.Ke3 Bd1 41.Rg2
Bg4 42.Rh1 Kf7 43.Rc2 Rxc2 44.Bxc2 Rg8 45.Rc1 Rb8 46.Bd3 b3 47.Rc7+
Kg8 48.Rc5 Bd1 49.Kd2 Bc2 50.Rxa5 Bxd3 51.Kxd3 Kf7 52.Rb5 Rg8
53.Rb7+ Kg6 54.Rxb3 Kf5 55.Kc2 Ke4 56.a5 Ra8 57.Ra3 Kxd4 58.a6
Kc4 59.a7 Kb5 60.Kd3 Kb4 61.Kd4 Kb5 62.f5 1-0

[Event "Master Open"]
[Site "Voronezh"]
[Date "2018.06.16"]
[Round "5.62"]
[White "Gasparian, Haik"]
[Black "Bedenko, Nikita"]
[Result "1/2-1/2"]
[WhiteElo "2069"]
[BlackElo "1967"]
[Annotator ""]
[Source ""]
[Remark ""]

1.Nf3 Nf6 2.g3 e6 3.Bg2 d5 4.O-O Nbd7 5.d3 Be7 6.Nbd2 O-O 7.e4
c5 8.Re1 b6 9.e5 Ne8 10.h4 Nc7 11.Nf1 Bb7 12.h5 f5 13.exf6 Bxf6
14.N1h2 e5 15.Ng4 Re8 16.c3 d4 17.cxd4 exd4 18.Bf4 Rxe1+ 19.Qxe1
Bd5 20.Ng5 Bxg2 21.Bxc7 Qe8 22.Kxg2 Bxg5 23.f4 Bf6 24.h6 g6 25.Be5
Bxe5 26.fxe5 Qe6 27.Qe4 Rf8 28.Rf1 Rxf1 29.Kxf1 Kf7 30.Kg2 Qf5
31.Qd5+ Qe6 32.Qe4 Qf5 33.Qd5+ Qe6 34.Qe4 Qf5 1/2-1/2

[Event "Master Open"]
[Site "Voronezh"]
[Date "2018.06.16"]
[Round "5.63"]
[White "Tatarintsev, Egor"]
[Black "Martynyuk, Elizaveta"]
[Result "1/2-1/2"]
[WhiteElo "2125"]
[BlackElo "2229"]
[Annotator ""]
[Source ""]
[Remark ""]

1.e4 c5 2.c3 Nf6 3.e5 Nd5 4.d4 cxd4 5.cxd4 Nc6 6.Nf3 d6 7.Bc4
Nb6 8.Bb5 dxe5 9.Nxe5 Bd7 10.Nc3 e6 11.O-O a6 12.Bxc6 Bxc6 13.Qg4
Nd7 14.Nxd7 Qxd7 15.Bg5 h5 16.Qd1 Be7 17.Bxe7 Qxe7 18.d5 Rd8
19.Rc1 Qg5 20.Qb3 Bxd5 21.Nxd5 Qxd5 22.Qa4+ Qd7 23.Qa5 Rc8 24.Qg5
Rxc1 25.Rxc1 O-O 26.h3 Rd8 27.Qxh5 Qd2 28.Rc4 Qe1+ 29.Kh2 Qxf2
30.Rh4 Kf8 31.Qg5 f6 32.Rh8+ Kf7 33.Qh5+ Ke7 34.Rxd8 Kxd8 35.Qh8+
Kc7 36.Qxg7+ Kb6 37.Qg4 f5 38.Qf3 Qe1 39.Qf4 Kc6 40.Qf3+ Kb6
41.Qf4 Kb5 42.Qd4 a5 43.Qd7+ Ka6 44.Qd6+ Ka7 45.Qd4+ Ka6 46.Qc4+
Kb6 47.Qd4+ Ka6 1/2-1/2

[Event "Master Open"]
[Site "Voronezh"]
[Date "2018.06.16"]
[Round "5.64"]
[White "Shaydullina, Sandugach"]
[Black "Yakimenko, Alexander A."]
[Result "1-0"]
[WhiteElo "2198"]
[BlackElo "2094"]
[Annotator ""]
[Source ""]
[Remark ""]

1.d4 e6 2.c4 Nf6 3.Nf3 c5 4.d5 exd5 5.cxd5 d6 6.Nc3 g6 7.e4 Bg7
8.h3 O-O 9.Bd3 Re8 10.O-O a6 11.a4 Qc7 12.Bf4 c4 13.Bc2 Nbd7
14.Re1 Nh5 15.Be3 b6 16.Nd4 Bb7 17.Rc1 Nc5 18.Qe2 Nd7 19.Bb1
Rac8 20.Qf1 Qd8 21.Na2 Nc5 22.Rxc4 Nxe4 23.Bxe4 Rxe4 24.Nc3 Re8
25.Nc6 Qd7 26.Bxb6 Bxc6 27.Rxe8+ Qxe8 28.dxc6 Rxc6 29.Re4 Qb8
30.a5 Nf6 31.Re7 Rxb6 32.axb6 Qxb6 33.Qc4 d5 34.Nxd5 Nxd5 35.Qxd5
Qf6 36.Re8+ Bf8 37.Qd8 Qxd8 38.Rxd8 Kg7 39.Ra8 1-0

[Event "Master Open"]
[Site "Voronezh"]
[Date "2018.06.16"]
[Round "5.65"]
[White "Pokhvalit, Alexander"]
[Black "Lingur, Zalina"]
[Result "0-1"]
[WhiteElo "2087"]
[BlackElo "2101"]
[Annotator ""]
[Source ""]
[Remark ""]

1.b3 c5 2.g3 Nc6 3.Bb2 d5 4.Nf3 d4 5.Bg2 e5 6.O-O Nf6 7.e3 Bd6
8.exd4 cxd4 9.c3 d3 10.Na3 O-O 11.Nc4 Bc7 12.a4 Re8 13.Re1 h6
14.b4 e4 15.Nd4 Ne5 16.Nxe5 Bxe5 17.f3 Bxd4+ 18.cxd4 Bf5 19.fxe4
Bxe4 20.Bxe4 Nxe4 21.Qf3 Qd5 22.Rac1 Qb3 23.Rxe4 Rxe4 24.Qxe4
Qxb2 25.Rc3 Qxb4 26.Rxd3 Rd8 27.a5 Qa4 28.Qxb7 Qd1+ 29.Kf2 Re8
30.Qf3 Qe1+ 31.Kg2 g5 32.h4 Re2+ 33.Kh3 Re4 34.Re3 Rxe3 35.dxe3
Qxa5 36.hxg5 hxg5 37.Qf6 Qd5 38.Kh2 g4 39.Qf2 a5 40.Qc2 Qh5+
41.Kg1 Qg5 42.Qd3 a4 43.d5 Qe5 44.e4 Qa1+ 45.Kf2 Qb2+ 46.Ke3
Qg2 47.Kd4 Qf3 48.Qa6 a3 49.d6 Qf2+ 50.Kd5 Qd2+ 51.Kc6 a2 52.Qc8+
Kh7 53.Qf5+ Kh8 54.Qh5+ Kg7 55.Qxg4+ Kf8 56.Qc8+ Kg7 57.Qg4+
Kf8 58.Qc8+ Kg7 59.d7 Qc3+ 60.Kb7 Qb4+ 61.Kc7 a1Q 62.d8Q Qa7+
63.Kc6 Qbc5# 0-1

[Event "Master Open"]
[Site "Voronezh"]
[Date "2018.06.16"]
[Round "5.1"]
[White "Potapov, Pavel"]
[Black "Iljiushenok, Ilia"]
[Result "1-0"]
[WhiteElo "2491"]
[BlackElo "2530"]
[Annotator ""]
[Source ""]
[Remark ""]

1.e4 e5 2.Nf3 Nc6 3.Bb5 Nf6 4.d3 Bc5 5.Bxc6 dxc6 6.Nbd2 Be6 7.O-O
Nd7 8.b3 Qe7 9.Bb2 f6 10.c3 Bd6 11.d4 O-O-O 12.Re1 g5 13.Nf1
h5 14.Ne3 Qh7 15.Qc2 h4 16.h3 g4 17.hxg4 Rdg8 18.Nh2 exd4 19.cxd4
Bxh2+ 20.Kxh2 Bxg4 21.f4 Qg6 22.f5 Qg5 23.Qf2 Re8 24.Nxg4 Qxg4
25.Qf3 Qg7 26.Re2 Reg8 27.Rae1 Nb6 28.a4 a5 29.Bc3 Qh7 30.Bxa5
Rg3 31.Qf4 Rhg8 32.Bxb6 cxb6 33.e5 Qg7 34.Qf1 Kb8 35.exf6 Qxf6
36.Re8+ Ka7 37.Rxg8 Rxg8 38.Qf4 Qf7 39.Re3 Qd5 40.Qe4 Qd6+ 41.Qe5
Qh6 42.a5 Qg5 43.axb6+ Kxb6 44.Re2 Qg4 45.b4 Qg3+ 46.Qxg3 hxg3+
47.Kh3 Kb5 48.Re7 Kxb4 49.Rxb7+ Kc4 50.Rd7 Rf8 51.Kg4 Kd3 52.Kf4
Ke2 53.Rg7 Rd8 54.Rxg3 Rxd4+ 55.Ke5 Rd8 56.Rc3 1-0

[Event "Master Open"]
[Site "Voronezh"]
[Date "2018.06.16"]
[Round "5.2"]
[White "Sindarov, Javokhir"]
[Black "Popov, Ivan"]
[Result "1/2-1/2"]
[WhiteElo "2449"]
[BlackElo "2608"]
[Annotator ""]
[Source ""]
[Remark ""]

1.e4 c6 2.d4 d5 3.exd5 cxd5 4.c4 Nf6 5.Nc3 e6 6.Nf3 Bb4 7.Bd3
dxc4 8.Bxc4 O-O 9.O-O b6 10.a3 Bxc3 11.bxc3 Bb7 12.Bd3 Nbd7 13.Re1
Qc7 14.c4 Ba6 15.Qa4 Bb7 16.Qd1 Rfd8 17.Bb2 Nf8 18.Rc1 Ng6 19.Ne5
Nf4 20.Bf1 Ng6 21.Bd3 Nf4 22.Bf1 Ng6 23.Bd3 Nf4 24.Bf1 1/2-1/2

[Event "Master Open"]
[Site "Voronezh"]
[Date "2018.06.16"]
[Round "5.3"]
[White "Golubov, Saveliy"]
[Black "Maghsoodloo, Parham"]
[Result "0-1"]
[WhiteElo "2493"]
[BlackElo "2638"]
[Annotator ""]
[Source ""]
[Remark ""]

1.e4 c5 2.Nf3 Nc6 3.d4 cxd4 4.Nxd4 Nf6 5.Nc3 d6 6.Be2 e5 7.Nf3
Be7 8.Bg5 O-O 9.Bxf6 Bxf6 10.Nd5 Bg5 11.O-O Bh6 12.Qd3 f5 13.Rad1
fxe4 14.Qxe4 Bf5 15.Qa4 Kh8 16.Bd3 e4 17.Bxe4 b5 18.Qxb5 Bxe4
19.Qxc6 Rxf3 20.Rfe1 Rf4 21.g3 Rc8 22.Qxc8 Qxc8 23.Nxf4 Bf3 24.Rd3
Bxf4 25.Rxf3 Be5 26.c3 h5 27.Rf7 a5 28.a3 Qc4 29.Rf5 Qg4 30.Rfxe5
dxe5 31.Rxe5 h4 32.h3 Qd1+ 33.Kg2 hxg3 34.Kxg3 Qd6 35.f4 a4 36.c4
Qd3+ 37.Kg4 Qxc4 38.Re8+ Kh7 39.Rb8 Qe6+ 40.Kg3 Qe3+ 41.Kg4 g6
42.Rb4 Kh6 43.f5 Qg1+ 44.Kf4 Qf2+ 0-1

[Event "Master Open"]
[Site "Voronezh"]
[Date "2018.06.16"]
[Round "5.4"]
[White "Kokarev, Dmitry"]
[Black "Belyakov, Bogdan"]
[Result "1-0"]
[WhiteElo "2603"]
[BlackElo "2490"]
[Annotator ""]
[Source ""]
[Remark ""]

1.g3 Nf6 2.Bg2 g6 3.e4 c5 4.e5 Ng8 5.Nf3 Nc6 6.O-O Bg7 7.Re1
f6 8.exf6 Nxf6 9.c3 O-O 10.d4 cxd4 11.cxd4 d5 12.Nc3 Kh8 13.h3
Bf5 14.Ne5 Ne4 15.Nxc6 Nxc3 16.bxc3 bxc6 17.Bf4 Qd7 18.Kh2 Rf7
19.a4 a5 20.Ra2 Ra7 21.Rb2 Rb7 22.Qc1 h5 23.Be5 Kh7 24.Bxg7 Kxg7
25.Ree2 Bd3 26.Re3 Bf5 27.Ree2 Bd3 28.Re3 Bf5 29.Re5 Qc7 30.Ree2
Qd7 31.Rxb7 Qxb7 32.Rb2 Qc7 33.c4 e6 34.h4 Kh7 35.Qc3 dxc4 36.Qxc4
Qd6 37.Qc5 Qxc5 38.dxc5 Rd7 39.Bxc6 Rd1 40.Rb5 Rc1 41.Rxa5 Kg7
42.Rb5 Bd3 43.Rb3 Bf5 44.Rb5 Bd3 45.Rb4 Rxc5 46.Bb5 Rc3 47.a5
Bxb5 48.Rxb5 Rc2 49.Kg1 Rc1+ 50.Kg2 Rc2 51.Kf1 Kf6 52.f4 Ra2
53.Rg5 Kg7 54.Ke1 Kh6 55.Kd1 Ra3 56.Kc2 e5 57.Rxe5 Rxg3 58.a6
Ra3 59.Re6 Kg7 60.Kb2 Ra4 61.Kb3 Rxf4 62.a7 Rf8 63.Ra6 Ra8 64.Kc4
g5 65.hxg5 h4 66.Kb5 h3 67.Kb6 h2 68.Ra1 Re8 69.Kc6 Kg6 70.Rh1
Re6+ 71.Kb5 Re5+ 72.Kb4 Re4+ 73.Kb3 Re3+ 74.Kb2 Re2+ 75.Kb1 Re8
76.Rxh2 Ra8 77.Ra2 Kxg5 78.Kc2 Kf6 79.Kc3 Ke6 80.Kb4 Kd6 81.Kb5
Kc7 82.Ka6 Rh8 83.Rc2+ 1-0

[Event "Master Open"]
[Site "Voronezh"]
[Date "2018.06.16"]
[Round "5.5"]
[White "Pridorozhni, Aleksei"]
[Black "Khanin, Semen"]
[Result "1-0"]
[WhiteElo "2589"]
[BlackElo "2485"]
[Annotator ""]
[Source ""]
[Remark ""]

1.e4 e5 2.Nf3 Nf6 3.Nxe5 d6 4.Nxf7 Kxf7 5.d4 c5 6.Nc3 Nc6 7.Bc4+
d5 8.Nxd5 Be6 9.Bg5 cxd4 10.O-O Be7 11.Nxe7 Qxe7 12.Bd3 h6 13.Bh4
g5 14.Bg3 h5 15.f4 h4 16.Be1 Bg4 17.Qd2 gxf4 18.h3 Rag8 19.hxg4
Rxg4 20.Rxf4 Qd6 21.Rf5 Ne5 22.Qb4 Qe6 23.Qb3 Qxb3 24.axb3 Ke6
25.Ra5 Nc6 26.Bc4+ Ke7 27.e5 Nd7 28.Rb5 h3 29.g3 h2+ 30.Kh1 Re4
31.Bd2 Ncxe5 32.Bb4+ Ke8 33.Rxb7 a5 34.Bxa5 Nxc4 35.bxc4 Re2
36.Ra7 Rh3 37.Bb4 Rxc2 38.Ra8+ Nb8 39.Rxb8+ Kd7 40.Rf7+ Ke6 41.Re7+
Kf5 42.Rf8+ Kg6 43.Re1 Rxb2 44.Bc5 Rd2 45.Rd8 d3 46.Bb4 Rc2 47.Rxd3
Rxc4 48.Bd2 Kf5 49.Kg2 Kg4 50.Rh1 Re4 51.Be1 Rh7 52.Bf2 Re2 53.Rd4+
Kg5 54.Rf4 1-0

[Event "Master Open"]
[Site "Voronezh"]
[Date "2018.06.16"]
[Round "5.6"]
[White "Stukopin, Andrey"]
[Black "Kabanov, Nikolai"]
[Result "1-0"]
[WhiteElo "2589"]
[BlackElo "2468"]
[Annotator ""]
[Source ""]
[Remark ""]

1.e4 e5 2.Nf3 Nc6 3.Bc4 Nf6 4.d3 Be7 5.O-O O-O 6.Re1 d6 7.a4
Be6 8.a5 a6 9.Nbd2 Qd7 10.c3 h6 11.Bb3 Bxb3 12.Qxb3 Rab8 13.Nf1
Nh5 14.d4 Rfe8 15.d5 Nd8 16.Qd1 Bf8 17.Nh4 g6 18.c4 Kh7 19.Ra3
Nf4 20.Qf3 Bg7 21.g3 Nh3+ 22.Kh1 Qg4 23.Qg2 Ng5 24.f3 Qh3 25.Qxh3
Nxh3 26.Kg2 Ng5 27.Rae3 f6 28.f4 exf4 29.gxf4 Ngf7 30.f5 g5 31.Nf3
c5 32.h3 Ne5 33.Nxe5 Rxe5 34.Ng3 Re7 35.Bd2 b5 36.axb6 Rxb6 37.Bc3
Nf7 38.Ra1 Reb7 39.Ra5 Kg8 40.Nh5 Ne5 41.Bxe5 fxe5 42.b3 Kf7
43.Ra3 Bf6 44.Kf3 Ra7 45.Ra5 Bd8 46.Kg4 Rb4 47.Ra3 a5 48.Ng3
a4 49.Kh5 Ra8 50.f6 Bxf6 51.Nf5 Be7 52.Rf3 Ke8 53.Kxh6 Kd7 54.Nxe7
Kxe7 55.Kg7 Ra6 56.Ra1 a3 57.Raf1 Kd8 58.Rf7 a2 59.R1f6 1-0

[Event "Master Open"]
[Site "Voronezh"]
[Date "2018.06.16"]
[Round "5.7"]
[White "Timofeev, Artyom"]
[Black "Afanasiev, Nikita"]
[Result "1/2-1/2"]
[WhiteElo "2583"]
[BlackElo "2460"]
[Annotator ""]
[Source ""]
[Remark ""]

1.e4 d5 2.exd5 Qxd5 3.Nc3 Qd6 4.Nf3 Nf6 5.d4 a6 6.Bg5 Bg4 7.h3
Bh5 8.Be2 Nc6 9.d5 Na7 10.Qd4 Bxf3 11.Bxf3 e5 12.Qe3 Nb5 13.O-O-O
Be7 14.Rhe1 O-O 15.Qxe5 Qxe5 16.Rxe5 Nxc3 17.bxc3 Ba3+ 18.Kd2
Nd7 19.Re2 Rfe8 20.Rb1 Nb6 21.Bf4 Bd6 22.Bxd6 Nc4+ 23.Kd3 Nxd6
24.c4 Rxe2 25.Bxe2 b6 26.Kd4 Nb7 27.Bd3 Nc5 28.Re1 Rd8 29.g4
h6 30.h4 Kf8 31.h5 Rd6 32.f4 Ne6+ 33.Ke3 Nc5 34.g5 Ke7 35.Kd4+
Kf8 36.Bf5 Rd8 37.gxh6 gxh6 38.Rg1 Rd6 39.Ke5 Rd8 40.Bh7 Re8+
41.Kd4 Nd7 42.Bd3 Nc5 43.a3 Rd8 44.Bh7 Ke7 45.Bd3 1/2-1/2

[Event "Master Open"]
[Site "Voronezh"]
[Date "2018.06.16"]
[Round "5.8"]
[White "Kozionov, Kirill"]
[Black "Tiviakov, Sergei"]
[Result "1/2-1/2"]
[WhiteElo "2456"]
[BlackElo "2580"]
[Annotator ""]
[Source ""]
[Remark ""]

1.d4 Nf6 2.c4 e6 3.Nf3 b6 4.g3 Ba6 5.Qa4 Bb7 6.Bg2 g6 7.O-O Bg7
8.Bf4 O-O 9.Qc2 Na6 10.Nc3 d5 11.cxd5 exd5 12.Rfd1 Qe7 13.Nb5
Ne4 14.Rac1 c6 15.Nc3 c5 16.dxc5 Nxc3 17.bxc3 Nxc5 18.c4 Rad8
19.Bg5 Bf6 20.Bxf6 Qxf6 21.Nd4 dxc4 22.Qxc4 Bxg2 23.Kxg2 Rfe8
24.e3 h5 25.h4 Re5 26.Qe2 Red5 27.Rc2 R8d7 28.Qf3 Kg7 29.Qxf6+
Kxf6 30.Rb1 Ne6 31.Nxe6 Kxe6 32.Rbb2 Kd6 33.Kf3 Rc7 34.Rxc7 Kxc7
35.e4 Rc5 36.Ke3 b5 37.f3 a5 38.g4 b4 39.Kd4 Kc6 40.e5 Kb5 41.a4+
Kc6 42.gxh5 gxh5 43.f4 Rc3 44.f5 Rh3 45.Rc2+ Kd7 46.Kd5 Rxh4
47.Rc5 b3 48.Rxa5 Rb4 49.e6+ fxe6+ 50.fxe6+ Kd8 51.Ra8+ Ke7 52.Ra7+
Kd8 53.Ra8+ Ke7 54.Ra7+ Kd8 55.Ke4 1/2-1/2

[Event "Master Open"]
[Site "Voronezh"]
[Date "2018.06.16"]
[Round "5.9"]
[White "Akash Pc, Iyer"]
[Black "Chigaev, Maksim"]
[Result "1/2-1/2"]
[WhiteElo "2435"]
[BlackElo "2577"]
[Annotator ""]
[Source ""]
[Remark ""]

1.d4 Nf6 2.c4 g6 3.Nc3 Bg7 4.e4 d6 5.Nge2 O-O 6.Ng3 e5 7.d5 a5
8.Be2 Na6 9.h4 h5 10.Bg5 Qe8 11.Qd2 Kh7 12.Nf1 Ng4 13.f3 Nh6
14.O-O-O f6 15.Be3 f5 16.Bd3 f4 17.Bf2 Ng8 18.Qe2 Nf6 19.Nd2
Nd7 20.Nb3 b6 21.Nb5 Qe7 22.Kb1 a4 23.Na1 Ndc5 24.Nc2 Bd7 25.Nca3
Rfc8 26.Qd2 Nxd3 27.Qxd3 Nc5 28.Qc2 Bf6 29.Nc3 Rg8 30.Nab5 Be8
31.Rdg1 Rg7 32.Ne2 Ra5 33.Nec3 Ra8 34.Ne2 Ra5 35.Nec3 Ra8 36.Ne2
Ra5 37.Nec3 Ra8 38.Ne2 Ra5 39.Nec3 Ra8 40.Ne2 Ra5 41.Nec3 1/2-1/2

[Event "Master Open"]
[Site "Voronezh"]
[Date "2018.06.16"]
[Round "5.10"]
[White "Bocharov, Dmitry"]
[Black "Ulko, Jaroslav"]
[Result "1/2-1/2"]
[WhiteElo "2576"]
[BlackElo "2442"]
[Annotator ""]
[Source ""]
[Remark ""]

1.Nf3 c5 2.e3 Nf6 3.d4 e6 4.c4 d5 5.cxd5 exd5 6.Bb5+ Bd7 7.Bxd7+
Nbxd7 8.dxc5 Nxc5 9.O-O Be7 10.Nc3 O-O 11.b3 Nce4 12.Ne2 Rc8
13.Bb2 Bd6 14.h3 a6 15.Qd3 Qe7 16.Rad1 Rfd8 17.Nfd4 Qe5 18.g3
Qh5 19.Kg2 Re8 20.Nf4 Bxf4 21.exf4 Nc5 22.Qf5 Qg6 23.Rfe1 Ne6
24.Re5 Nxd4 25.Bxd4 Re6 26.g4 Rcc6 27.a4 Rxe5 28.fxe5 Ne4 29.Qxg6
hxg6 30.Be3 Nc3 31.Rd3 b5 32.a5 f6 33.exf6 gxf6 34.Bd2 b4 35.Rd4
Kf7 36.h4 Ke6 37.h5 gxh5 38.gxh5 Ne4 39.Be3 Nc3 40.Rxb4 Nb5 41.h6
Rc7 42.Rh4 Rh7 43.Kf3 f5 44.Rh1 d4 45.Bd2 Nd6 46.Bf4 Ne4 47.Rg1
Kf6 48.Rc1 Nc3 49.Bd2 Rb7 50.b4 Kg6 51.Bxc3 dxc3 52.Rxc3 Rxb4
53.Rc6+ Kh7 54.Rxa6 Ra4 55.Ke3 Ra2 56.Kd4 Rxf2 57.Rf6 f4 58.a6
Ra2 59.Ke4 Ra4+ 60.Kf3 Kg8 61.Kg4 Kh7 62.Rb6 Kh8 63.Rc6 Kh7 64.Rf6
Kg8 65.Rb6 Kh7 66.Rd6 Kh8 67.Rf6 Kh7 68.Kg5 f3 69.Rf7+ Kh8 70.a7
f2 71.Rxf2 1/2-1/2

[Event "Master Open"]
[Site "Voronezh"]
[Date "2018.06.16"]
[Round "5.11"]
[White "Tsydypov, Zhamsaran"]
[Black "Gubajdullin, Alexei"]
[Result "0-1"]
[WhiteElo "2522"]
[BlackElo "2375"]
[Annotator ""]
[Source ""]
[Remark ""]

1.e4 c6 2.d4 d5 3.Nc3 dxe4 4.Nxe4 Bf5 5.Ng3 Bg6 6.Nf3 Nd7 7.h4
h6 8.h5 Bh7 9.Bd3 Bxd3 10.Qxd3 Ngf6 11.Bd2 e6 12.O-O-O Qc7 13.Qe2
Be7 14.Ne5 O-O 15.Kb1 Rfe8 16.Rhe1 Bf8 17.Qf3 c5 18.Nxd7 Nxd7
19.Bc3 b5 20.d5 exd5 21.Qxd5 Nb6 22.Qf5 Rxe1 23.Rxe1 b4 24.Bd2
Qc6 25.f3 c4 26.Qe4 Nd5 27.Bc1 Rb8 28.Qd4 Nc3+ 29.Ka1 Nxa2 30.Bf4
Nc3 31.bxc3 Qa4+ 32.Kb1 bxc3+ 33.Bxb8 Qa3 34.Qxc3 Qxc3 35.Re8
Kh7 36.Ne4 Qb4+ 37.Kc1 c3 38.Be5 Qa4 0-1

[Event "Master Open"]
[Site "Voronezh"]
[Date "2018.06.16"]
[Round "5.12"]
[White "Demidov, Mikhail"]
[Black "Drygalov, Andrey"]
[Result "1/2-1/2"]
[WhiteElo "2513"]
[BlackElo "2435"]
[Annotator ""]
[Source ""]
[Remark ""]

1.Nf3 Nf6 2.g3 d5 3.Bg2 c6 4.O-O Bf5 5.d3 h6 6.Qe1 e6 7.Nbd2
Be7 8.e4 Bh7 9.Qe2 O-O 10.Re1 a5 11.h4 a4 12.a3 b5 13.exd5 cxd5
14.Ne5 Ra6 15.Ndf3 Nfd7 16.d4 Rb6 17.c3 Re8 18.Bh3 Bf8 19.Bf4
Nf6 20.g4 Ne4 21.g5 f5 22.Bxf5 exf5 23.gxh6 gxh6 24.Qf1 Qf6 25.Qg2+ 1/2-1/2

[Event "Master Open"]
[Site "Voronezh"]
[Date "2018.06.16"]
[Round "5.13"]
[White "Dzhumaev, Marat"]
[Black "Triapishko, Alexandr"]
[Result "1-0"]
[WhiteElo "2434"]
[BlackElo "2513"]
[Annotator ""]
[Source ""]
[Remark ""]

1.e4 c6 2.d4 d5 3.e5 Bf5 4.Nf3 e6 5.Be2 Ne7 6.O-O Nd7 7.Nbd2
h6 8.Nb3 g5 9.a4 a5 10.Ne1 Bg7 11.f4 gxf4 12.Bxf4 O-O 13.Bd3
f6 14.exf6 Nxf6 15.Nf3 Ng6 16.Bg3 Ne4 17.c3 b6 18.Qc2 Nxg3 19.hxg3
Qd6 20.g4 Bxd3 21.Qxd3 Rf6 22.g5 Nf4 23.Qe3 hxg5 24.Ne5 Rf5 25.Ng4
Raf8 26.Rae1 c5 27.Nd2 cxd4 28.cxd4 Qb4 29.Nf3 Qxb2 30.Rf2 Qb4
31.Nfe5 Rc8 32.Nd3 Qd6 33.Nde5 Rff8 34.Rb2 Rf5 35.g3 Nh5 36.Rh2
Nf6 37.Nh6+ Bxh6 38.Rxh6 Ne4 39.g4 Rc3 40.Qxc3 Nxc3 41.gxf5 Qb4
42.f6 Ne4 43.f7+ Kg7 44.Rg6+ Kh7 45.f8N+ Qxf8 46.Re2 1-0